000 00397cam a2200169ua 4500
020 _c15.00
041 _aeng
_h
082 _a581.15
_bWHI/CH
100 _aWhite, M.J.D .
245 _aChromosomes /
_cM.J.D.White.
_hTextual Documents
260 _aLondon :
_bMethuen and Co. Ltd ,
_c1963.
300 _a187 ; .
365 _a15.00
504 _a
942 _cBK
999 _c1920
_d1920